| 000 | 00946cab a2200277 4500 | ||
|---|---|---|---|
| 001 | WB3109-26 | ||
| 008 | 090401t1995 xxu||||| |||| 00| 0 eng d | ||
| 035 | _a(Sirsi) u15521 | ||
| 041 | _aeng | ||
| 245 | _aNotices to quit and subleases | ||
| 260 | _c1995 | ||
| 350 | _a0 | ||
| 490 |
_aEstates Gazette _v(9508) 25 February 1995, 162(1) |
||
| 520 | _aDiscusses the position of the sublease after the service of notice to quit the tenancy. Refers to "Pennell v Payne" (1995), in which it was decided that notice to quit by the tenant ended the sublease. | ||
| 650 | _aAGRICULTURAL HOLDINGS | ||
| 650 | _aPROPERTY-LANDLORD AND TENANT-TENANCIES-AGRICULTURAL TENANCIES | ||
| 650 | _aBROWN V WILSON | ||
| 650 | _aBUSINESS TENANCIES | ||
| 650 | _aNOTICES TO QUIT | ||
| 650 | _aPENNELL V PAYNE | ||
| 650 | _aPHIPOS V CALLEGARI | ||
| 650 | _aSUBLEASES | ||
| 690 | _aPROPERTY-LANDLORD AND TENANT | ||
| 942 | _n0 | ||
| 948 | _c04/03/1997 | ||
| 999 |
_c10189 _d10189 |
||